000 01208nam0a2200325 4500
001 RU\NLR\bibl\861361
005 20250614154950.0
010 _a5-94745-005-4
_9500
021 _aRU
_b2005-58615
_92867
035 _a(NLR Aleph) 000850038
090 _a1474189
_c1474189
100 _a20051027d2004 |||y0rusy50 ca
101 0 _arus
_atun
102 _aRU
105 _aa |||||||||
200 1 _aВеселая Эвенская азбука
_eучебное пособие для учащихся 1 класса эвенских школ
_fА.А. Бурыкин
210 _aСанкт-Петербург
_cДрофа
_d2004
215 _a78, [1] с.
_cил.
_d22
300 _aТекст на рус. и эвен. яз.
606 1 _aЭвенский язык
_jУчебные издания для начальной школы
_92115956
_3RU\NLR\auth\661278298
686 _aШ165.12-93рус21[1]б
700 1 _aБурыкин
_bА. А.
_gАлексей Алексеевич
_4070
801 0 _aRU
_bNLR
_c20051027
_grcr
801 1 _aRU
_bNLR
_c20051027
830 _aпо кн
852 _aNLR
_bОНЛ
_jЭвенск./3-144
942 _cBOOK
980 _aNB